| 000 | 00708nam a2200241 u 4500 | ||
|---|---|---|---|
| 005 | 20240831063748.0 | ||
| 008 | 120816s2007 es r 000 0 spa d | ||
| 020 | _a9788467516142 | ||
| 035 | _aUPN01000186243 | ||
| 049 | _aI | ||
| 050 | 4 |
_aPC3942.3 E4.9 _bC6.5 |
|
| 100 | 1 |
_aTeixidor, Emili, _d1933-2012 _933175 |
|
| 245 | 1 | 1 |
_a¡Cómo como! / _cEmili Teixidor ; il. Lluis Farré. |
| 260 |
_aMadrid : _bSM, _c2007. |
||
| 300 |
_a58 p. : _bil. |
||
| 440 | 3 |
_aEl barco de vapor ; _v117 |
|
| 534 |
_pTítulo original: _tQuina gana que tinc |
||
| 650 | 4 |
_aCuentos infantiles españoles _97725 |
|
| 650 | 4 |
_aCUENTOS HUMORISTICOS _911283 |
|
| 905 | _aInfantil | ||
| 999 |
_c158346 _d158346 |
||